Účtovné výkazy ako súčasť účtovnej závierky v podvojnom účtovníctve - porovnanie slovenskej právnej úpravy s úpravou podľa IAS/IFRS

Účtovné výkazy podľa slovenskej právnej úpravy. Obsah a štruktúra účtovných výkazov: 1. Súvaha, 2. Výkaz ziskov a strát, 3. Poznámky, 4. Prehľad peňažných tokov. Účtovné výkazy podľa IAS/IFRS: Súvaha; výkaz ziskov a strát; výkaz o zmenách vo vlastnom imaní; výkaz peňažných tokov; poznámky.

Guardado en:
Detalles Bibliográficos
Autor principal: Gogová, Monika
Formato: Capítulo de libro
Lenguaje:eslovaco
Materias:
Etiquetas: Agregar Etiqueta
Sin Etiquetas, Sea el primero en etiquetar este registro!

MARC

LEADER 00000nla$a2200000$$$4500
001 0047506
005 20240502071540.6
041 0 |a slo 
044 |a SK 
245 1 0 |a Účtovné výkazy ako súčasť účtovnej závierky v podvojnom účtovníctve - porovnanie slovenskej právnej úpravy s úpravou podľa IAS/IFRS  |c Monika Gogová 
520 |a Účtovné výkazy podľa slovenskej právnej úpravy. Obsah a štruktúra účtovných výkazov: 1. Súvaha, 2. Výkaz ziskov a strát, 3. Poznámky, 4. Prehľad peňažných tokov. Účtovné výkazy podľa IAS/IFRS: Súvaha; výkaz ziskov a strát; výkaz o zmenách vo vlastnom imaní; výkaz peňažných tokov; poznámky. 
610 2 0 |a účtovníctvo 
610 2 0 |a účtovníctvo podvojné 
610 2 0 |a výkazy účtovné 
610 2 0 |a závierka účtovná 
610 2 0 |a súvaha 
610 2 0 |a aktíva 
610 2 0 |a pasíva 
610 2 0 |a výkaz ziskov a strát 
610 2 0 |a cash flow 
610 2 0 |a štandardy účtovné medzinárodné 
100 1 |a Gogová, Monika